000 01056cam a2200289 i 4500
999 _c3542
_d3542
001 1013309073505912
003 OSt
005 20240220104905.0
008 160115m20179999caub c 000 1 eng
020 _a9780141364087
_q(paperback : v. 5)
040 _aTKU
_beng
_erda
_cTKU
_dKH8
042 _anbic
082 0 0 _aFIC RIO
_223
100 1 _aRiordan, Rick,
_eauthor.
245 1 4 _aThe trials of Apollo:
_bthe tower of nero /
_cRick Riodan.
264 1 _aLondon :
_bPuffin Books,
_c2017-
300 _a434 pages :
_billustration ;
_c20 cm.
336 _atext
_btxt
_2rdacontent.
337 _aunmediated
_bn
_2rdamedia.
338 _avolume
_bnc
_2rdacarrier.
505 0 0 _g[v. 1].
_tThe hidden oracle /
_r2017 --
_g[v. 2].
_tThe dark prophecy /
_r2018 --
_g[v. 3].
_tThe burning maze /
_r2019 --
_g[v. 4].
_tThe tyrant's tomb /
_r2019 --
_g[v. 5].
_tThe tower of nero /
_r2020.
650 0 _aDelphian oracle
_vFiction.
650 0 _aQuests (Expeditions)
_vFiction.
650 0 _aGods, Greek
_vFiction.
650 0 _aMythology, Greek
_vFiction.
942 _2ddc
_cFIC